Kemalist Dönem Türkiyesi'nde eğitim politikaları ve köy enstitüleri (Record no. 5653)

MARC details
000 -BAŞLIK
Sabit Uzunlukta Kontrol Alanı 00846na a2200289 4500
001 - KONTROL NUMARASI
Denetim Alanı 18784
003 - KONTROL NUMARASI IDENTIFIER
Denetim Alanı MIRAKIL
005 - SON İŞLEM TARİHİ VE ZAMANI
Denetim Alanı 20181213155043.0
008 - SABİT-BOY VERİ ELEMANLARI - GENEL BİLGİLER
Sabit Uzunlukta Kontrol Alanı 161127b tu 000 0
020 ## - ULUSLARARASI STANDART KİTAP NUMARASI
Uluslararası Standart Kitap Numarası 9758426001
035 ## - SİSTEM KONTROL NUMARASI
Sistem Kontrol Numarası 18784
040 ## - KATALOGLAMA KAYNAK
Orijinal Kataloglama Ajansı Milas
Kataloglama Dili tur
Metne Dönüştürmek Ajansı TR-AnCHP
041 ## - DİL KODU
Metin / Ses Parça Veya Ayrı Başlığın Dil Kodu tur
082 ## - DEWEY ONLU SINIFLANDIRMA NUMARASI
Sınıflandırma Numarası 379.561
Ürün Numarası A62k 2002
090 ## - SINIFLAMA NUMARASI
Sınıflama Numarası 379.561 A62k 2002
100 ## - ANA GİRİŞ - KİŞİSEL İSİM
Kişisel Ad Ali Arayıcı
245 ## - BAŞLIK TABLOSU
Başlık Kemalist Dönem Türkiyesi'nde eğitim politikaları ve köy enstitüleri
Sorumluluk Tablosu, Vb Ali Arayıcı
260 ## - YAYIN, DAĞITIM, VB
Yayın, Dağıtım, Vb Yeri İstanbul
Yayıncı, Dağıtıcı, Vs Adı Ceylan Yayınları
Yayın, Dağıtım, Vb Tarihi 2002
300 ## - FİZİKSEL TANIM
Kapsam 403 s.
Boyutlar 19 sm.
440 ## - SERİSİ TABLOSU / KATMA GİRİŞİ - BAŞLIK
Başlık Ceylan Yayınları
Hacim / Ardışık Tanımı 41
490 ## - SERİSİ TABLOSU
Seri Beyanı Araştırma-İnceleme
Hacim / Ardışık Tanımı 9
500 ## - GENEL NOT
Genel Not Yapıt yazarından imzalıdır
504 ## - KAYNAKÇA VB NOT
Kaynakça Vb Notu Kaynakça var
650 ## - KONU KATMA GİRİŞ - TOPİKAL DÖNEM
Topikal Süreli Veya Coğrafi Ad Giriş Elemanı Eğitim politikası
Kronolojik Alt Bölümü Kemalist dönem
Coğrafi Alt Bölümü Türkiye
650 ## - KONU KATMA GİRİŞ - TOPİKAL DÖNEM
Topikal Süreli Veya Coğrafi Ad Giriş Elemanı Köy enstitüleri
942 ## - EKLENDİ GİRİŞ ELEMANLARI (KOHA)
Sınıflandırma Veya Raf Düzeni Kaynak
Koha Öğesi Türü Books
999 ## - SİSTEM KONTROL NUMARALARI (KOHA)
Koha Biblionumber 5653
Koha Biblioitemnumber 5653
Holdings
Kalıcı Konum Mevcut Konum Edinme Tarihi Edinim Kaynak Toplam Check-Out'Lar Tam Çağrı Numarası Barkod Tarih Son Görülme İtibaren Geçerli Fiyatlar Koha Öğesi Türü
CHP Kütüphanesi CHP Kütüphanesi 11/27/2016 Bağış   379.561 A62k 2002 010065 11/27/2016 11/27/2016 Books